| 000 | 00819cam a2200253 i 4500 | ||
|---|---|---|---|
| 001 | 24291 | ||
| 003 | Mx-PuUPA | ||
| 005 | 20250712103714.0 | ||
| 008 | 140415s2014 mx ad gr 000 0 spa d | ||
| 020 | _a9783687267997 | ||
| 040 |
_aMx-PuUPA _bspa _cMx-PuUPA _dMx-PuUPA _erda |
||
| 041 | _aspa | ||
| 100 |
_aNacer Ramos, Eduardo _eautor |
||
| 245 | 0 | 0 |
_aActivos intangibles / _cEduardo Michael Nacer Ramos |
| 250 |
_aTercera edición / _bjulio |
||
| 264 | 1 |
_aMéxico, D.F. : _bEdiciones Fiscales ISEF, _c2014 |
|
| 300 |
_a141 páginas : _bilustraciones ; _c21 cm |
||
| 336 |
_2rdacontent _atexto _btxt |
||
| 337 |
_2rdamedia _asin medio _bn |
||
| 338 |
_2rdacarrier _avolumen _bnc |
||
| 942 |
_2ddc _cLI _hxx _iN8 |
||
| 999 |
_c24291 _d24291 |
||